[Event "RUS-ch Men Rapid 2019"]
[Site "Sochi"]
[Date "2019.10.16"]
[Round "6.29"]
[White "Stambulian, Arsen"]
[Black "Ponkratov, Pavel"]
[Result "0-1"]
[WhiteElo "2306"]
[BlackElo "2621"]
[Annotator "TA"]
[PlyCount "58"]
[EventDate "2019.10.15"]
[EventType "swiss"]
[EventCountry "RUS"]
[SourceTitle "playchess.com"]
[Source "ChessBase"]
[SourceQuality "1"]

{[%evp 18,58,29,13,6,-10,-14,-11,-12,-27,-4,-86,-59,-66,-114,-122,-111,-140,-107,-166,-112,-181,-194,-211,-195,-195,-176,-216,-225,-259,-239,-241,-243,-234,-231,-544,-544,-1794,-1814,-1695,-1668,-1498,-1344]} 1. Nf3 Nf6 2. g3 g6 3. Bg2 Bg7 4. O-O O-O 5. c4 d5 6. cxd5 Nxd5 7. Nc3 Nb6 8. d4 Nc6 9. e3 Re8 10. Re1 a5 {D76: Fianchetto Grünfeld: Main Line with 7...Nb6} (10... Bd7 11. h3 Qc8 12. Kh2 e5 13. d5 Na5 14. e4 Nac4 15. a4 a5 16. b3 Nd6 17. Ba3 Qd8 18. Rc1 {½-½ (52) Ding,L (2805)-Anand,V (2767) Stavanger 2019}) 11. Nd2 e5 12. d5 Nb4 {[%cal Rb4d5] The position is equal.} 13. Nf1 $146 {[#]} ({Predecessor:} 13. e4 c6 14. Nf1 cxd5 15. exd5 Nc4 16. a3 Na6 17. Nd2 Nd6 18. Nde4 Nxe4 19. Nxe4 {½-½ (51) Adly,A (2631)-Michalik,P (2505) Shenzhen 2011}) 13... e4 $1 {[%mdl 512]} 14. Nxe4 (14. Bxe4 $11 {remains equal.} Bh3 15. Bf3) 14... N4xd5 15. Nc5 Qd6 16. Na4 Nxa4 17. Qxa4 Bd7 18. Qb3 (18. Qd1 $17 Bc6 19. a3) 18... Be6 $36 {[%mdl 2048] Black has strong initiative.} (18... Nb4 $19 19. Rd1 Be6) 19. Rd1 {[#]} (19. Qa4 $17 {is a better defense.}) 19... Nb4 $1 $19 20. Qa4 Qa6 {And now ...b5 would win.} 21. Rd2 Red8 22. a3 Nd3 23. Qc2 c5 24. e4 Ne1 25. Qd1 Rxd2 26. Qxd2 $2 (26. Nxd2 Nxg2 27. Kxg2) 26... Nxg2 {Black is clearly winning.} 27. Kxg2 {[#]} Bh3+ $1 {[%mdl 576] Deflection, Decoy} 28. Kxh3 Qxf1+ 29. Kg4 {[#]} Re8 {Played: Qf1-g2} 0-1

[Event "RUS-ch Men Rapid 2019"]
[Site "Sochi"]
[Date "2019.10.16"]
[Round "6.30"]
[White "Khegay, Dmitriy"]
[Black "Alexeev, Alexey"]
[Result "1-0"]
[WhiteElo "2509"]
[BlackElo "2252"]
[Annotator "TA"]
[PlyCount "85"]
[EventDate "2019.10.15"]
[EventType "swiss"]
[EventCountry "RUS"]
[SourceTitle "playchess.com"]
[Source "ChessBase"]
[SourceQuality "1"]

{[%evp 11,85,0,0,0,-3,0,0,0,0,0,0,-15,0,-36,-22,-24,-24,-22,-8,-17,-20,-18,-10,-37,-29,-43,-9,-17,-18,-19,24,-30,44,47,44,19,69,60,52,47,62,-16,142,8,43,-63,33,11,211,204,197,202,455,462,451,456,449,444,416,400,383,322,312,-213,405,393,393,374,390,390,657,644,1468,1460,1339,1316]} 1. g3 d5 2. Bg2 c6 3. d3 Nf6 4. Nd2 e5 5. Ngf3 Nbd7 6. O-O Be7 7. e4 {A07: Réti Opening: New York and Capablanca Systems} dxe4 8. dxe4 O-O 9. b3 {The position is equal.} Re8 (9... Qc7 10. Bb2 Re8 11. Qe2 Bf8 12. Nh4 Nc5 13. Nf5 g6 14. Ne3 Ne6 15. Nf3 Nd7 16. Rad1 f6 17. h4 h5 {0-1 (46) Mamedov,R (2650)-Wang,H (2717) Huaian 2016}) 10. Bb2 Bf8 11. Nh4 $146 ({Predecessor:} 11. Qe2 a5 12. Rfd1 Qc7 13. a3 b6 14. Bf1 Nc5 15. Ne1 Bg4 {0-1 (51) Lazic,M (2486)-Stojanovic,M (2494) Valjevo 2018}) 11... a5 12. a3 Nc5 13. Qe2 b6 14. Rfd1 Qc7 15. h3 Ba6 16. Qe1 Rad8 17. Nf1 a4 18. b4 Ne6 19. Nf3 Nd7 20. Ne3 f6 21. h4 ({White should try} 21. c4) 21... Be7 (21... b5 $11) 22. Bh3 $36 {[%mdl 2048] White fights for an advantage.} Ndf8 23. Bf1 Bb7 24. Bc4 Kh8 25. h5 b5 26. Ba2 (26. Be2 $14) 26... Qb6 $2 (26... c5 $11 27. Nd5 Qc8) 27. Nh4 (27. h6 $16) 27... c5 28. Bd5 (28. Nd5 $14 Bxd5 29. Bxd5) 28... Bc8 ({Black should play} 28... Ng5 $15) 29. Nef5 Nd4 $2 (29... cxb4 $11 {and Black has nothing to worry.} 30. Nxe7 (30. axb4 Ng5 $14) 30... Rxe7) 30. Bxd4 $1 $18 exd4 31. Bf7 cxb4 $2 (31... Bd6 32. Bxe8 Rxe8) 32. Bxe8 Rxe8 33. Nxe7 Rxe7 34. Qxb4 {[%mdl 64] [#] Double Attack} Re8 35. Qxd4 Qc6 36. h6 Rxe4 {[#]} 37. Qd6 $4 {[%mdl 8192]} (37. Qd8 $1 $18 {[%cal Rd8f8]} Re8 38. Rd6 Rxd8 39. Rxc6) 37... Qe8 $4 {[%mdl 8192]} (37... Re1+ $1 $19 {and all is fine.} 38. Rxe1 Qxd6) 38. Ng2 Re6 39. Re1 gxh6 40. Rxe6 Bxe6 $2 (40... Nxe6 41. Nh4 Qf8) 41. Re1 {White is clearly winning.} Qf7 42. Nf4 Ba2 43. Re7 {Accuracy: White = 45%, Black = 34%.} 1-0

[Event "RUS-ch Men Rapid 2019"]
[Site "Sochi"]
[Date "2019.10.16"]
[Round "6.31"]
[White "Orlinkov, Maxim L."]
[Black "Nazaretyan, Tigran"]
[Result "0-1"]
[WhiteElo "2297"]
[BlackElo "2297"]
[Annotator "NA"]
[PlyCount "118"]
[EventDate "2019.10.15"]
[EventType "swiss"]
[EventCountry "RUS"]
[SourceTitle "playchess.com"]
[Source "ChessBase"]
[SourceQuality "1"]
[TimeControl "900+10"]

1. d4 {[%emt 0:00:00]} Nf6 {[%emt 0:00:00]} 2. c4 {[%emt 0:00:00]} c5 {[%emt 0:00:11]} 3. d5 {[%emt 0:00:00]} e6 {[%emt 0:00:03]} 4. Nc3 {[%emt 0:00:00]} exd5 {[%emt 0:00:02]} 5. cxd5 {[%emt 0:00:00]} d6 {[%emt 0:00:00]} 6. g3 {[%emt 0:00:00]} g6 {[%emt 0:00:03]} 7. Bg2 {[%emt 0:00:10]} Bg7 {[%emt 0:00:02]} 8. Nf3 {[%emt 0:00:00]} O-O {[%emt 0:00:02]} 9. O-O {[%emt 0:00:00]} a6 {[%emt 0:00:10]} 10. a4 {[%emt 0:00:00]} Nbd7 {[%emt 0:00:06]} 11. Bf4 {[%emt 0:00:00]} Qe7 {[%emt 0:00:02]} 12. h3 {[%emt 0:00:15]} Rb8 {[%emt 0:01:08]} 13. Rb1 {[%emt 0:00:29]} Nh5 {[%emt 0:01:14]} 14. Bg5 {[%emt 0:00:02]} f6 {[%emt 0:00:12]} 15. Bd2 {[%emt 0:00:02]} f5 {[%emt 0:00:14]} 16. Qc1 {[%emt 0:02:05]} Ne5 {[%emt 0:01:01]} 17. b4 {[%emt 0:00:12]} Nxf3+ {[%emt 0:02:15]} 18. exf3 {[%emt 0:01:17]} c4 {[%emt 0:01:15]} 19. Re1 {[%emt 0:01:32]} Qc7 {[%emt 0:00:59]} 20. b5 {[%emt 0:00:40]} Bd7 {[%emt 0:00:36]} 21. b6 {[%emt 0:02:46]} Qc5 {[%emt 0:01:26]} 22. Re7 {[%emt 0:02:30]} Rf7 {[%emt 0:01:01]} 23. Rxf7 {[%emt 0:01:39]} Kxf7 {[%emt 0:00:06]} 24. g4 {[%emt 0:01:18]} Nf6 {[%emt 0:00:35]} 25. Be3 {[%emt 0:01:02]} Qa5 {[%emt 0:00:14]} 26. Qa3 {[%emt 0:02:37]} Ne8 {[%emt 0:02:12]} 27. Rc1 {[%emt 0:00:01]} Rc8 {[%emt 0:00:28]} 28. Bf1 {[%emt 0:00:13]} Kg8 {[%emt 0:00:08]} 29. Rc2 {[%emt 0:00:15]} Be5 {[%emt 0:00:24]} 30. Qc1 {[%emt 0:00:04]} Kh8 {[%emt 0:00:43]} 31. Kg2 {[%emt 0:00:30]} Nf6 {[%emt 0:00:44]} 32. Be2 {[%emt 0:00:24]} Qb4 {[%emt 0:00:41]} 33. f4 {[%emt 0:00:05]} Bxc3 {[%emt 0:00:10]} 34. Rxc3 {[%emt 0:00:01]} Nxd5 {[%emt 0:00:17]} 35. Bd4+ {[%emt 0:00:05]} Kg8 {[%emt 0:00:02]} 36. Bf3 {[%emt 0:00:16]} Nxc3 {[%emt 0:00:09]} 37. Bxc3 {[%emt 0:00:01]} Qxb6 {[%emt 0:00:07]} 38. Bd5+ {[%emt 0:00:07]} Kf8 {[%emt 0:00:03]} 39. Qd2 {[%emt 0:00:11]} Re8 {[%emt 0:00:17]} 40. Bd4 {[%emt 0:00:07]} Qb3 {[%emt 0:00:11]} 41. Bc3 {[%emt 0:00:01]} Qb6 {[%emt 0:00:19]} 42. Bd4 {[%emt 0:00:01]} Qc7 {[%emt 0:00:06]} 43. Bc3 {[%emt 0:00:05]} Bc6 {[%emt 0:00:01]} 44. Kg3 {[%emt 0:00:03]} Bxd5 {[%emt 0:00:08]} 45. Qxd5 {[%emt 0:00:01]} Qc6 {[%emt 0:01:03]} 46. Qd4 {[%emt 0:00:04]} Ke7 {[%emt 0:00:13]} 47. Qg7+ {[%emt 0:00:46]} Kd8 {[%emt 0:00:05]} 48. Qxh7 {[%emt 0:00:07]} fxg4 {[%emt 0:00:03]} 49. hxg4 {[%emt 0:00:07]} Qd5 {[%emt 0:00:35]} 50. Bf6+ {[%emt 0:00:12]} Kc8 {[%emt 0:00:03]} 51. Qxg6 {[%emt 0:00:10]} Qd3+ {[%emt 0:00:04]} 52. Qxd3 cxd3 53. Bc3 {[%emt 0:00:02]} Re2 {[%emt 0:00:09]} 54. g5 {[%emt 0:00:19]} d2 {[%emt 0:00:13]} 55. Bxd2 {[%emt 0:00:01]} Rxd2 {[%emt 0:00:01]} 56. g6 {[%emt 0:00:01]} Rd1 {[%emt 0:00:11]} 57. Kg2 {[%emt 0:00:30]} Re1 {[%emt 0:00:22]} 58. g7 {[%emt 0:00:26]} Re8 {[%emt 0:00:06]} 59. f5 {[%emt 0:00:01]} Kd7 {[%emt 0:00:03]} 0-1

[Event "RUS-ch Men Rapid 2019"]
[Site "Sochi"]
[Date "2019.10.16"]
[Round "6.32"]
[White "Dianov, Alexey"]
[Black "Eraschenkov, Denis"]
[Result "1/2-1/2"]
[WhiteElo "2158"]
[BlackElo "2382"]
[Annotator "NA"]
[PlyCount "78"]
[EventDate "2019.10.15"]
[EventType "swiss"]
[EventCountry "RUS"]
[SourceTitle "playchess.com"]
[Source "ChessBase"]
[SourceQuality "1"]
[TimeControl "900+10"]

1. e4 e6 2. d3 c5 3. f4 Nc6 4. Nf3 g6 5. g3 Bg7 6. Bg2 Nge7 7. O-O O-O 8. c4 Rb8 9. Nc3 a6 10. a4 d5 11. Kh1 d4 12. Nb1 b5 13. axb5 axb5 14. cxb5 Rxb5 15. Na3 Rb8 16. Nc4 Nb4 17. Ne1 Bb7 18. Nc2 Nec6 19. N2a3 Ba6 20. Qe2 Na5 21. e5 Nxc4 22. Nxc4 Bxc4 23. dxc4 d3 24. Qf2 Nc2 25. Ra6 Rb6 26. Ra8 Qd4 27. Qxd4 Nxd4 28. Rxf8+ Kxf8 29. Rd1 Rb4 30. Be4 Rxc4 31. Bxd3 Rb4 32. Bf1 f6 33. exf6 Bxf6 34. Bh3 Ke7 35. Re1 Kd6 36. Be3 e5 37. Bxd4 Rxd4 38. fxe5+ Bxe5 39. b3 Rd2 1/2-1/2

[Event "RUS-ch Men Rapid 2019"]
[Site "Sochi"]
[Date "2019.10.16"]
[Round "7.1"]
[White "Shimanov, Aleksandr"]
[Black "Timofeev, Artyom"]
[Result "1/2-1/2"]
[WhiteElo "2587"]
[BlackElo "2595"]
[Annotator "TA"]
[PlyCount "92"]
[EventDate "2019.10.15"]
[EventType "swiss"]
[EventCountry "RUS"]
[SourceTitle "playchess.com"]
[Source "ChessBase"]
[SourceQuality "1"]

{[%evp 9,92,3,14,12,19,-14,7,5,21,14,21,21,54,14,21,28,30,24,21,23,24,23,33,21,30,27,18,26,21,36,37,30,41,0,9,-28,-22,-24,-33,-29,-30,-33,0,-19,-30,-80,-73,-47,-50,-65,-13,-2,-4,-122,0,0,0,0,0,0,0,0,0,0,0,0,0,0,0,0,0,0,0,0,0,0,0,0,0,0,0,0,0,0,0]} 1. d4 Nf6 2. Bg5 e6 3. Nd2 c5 4. e3 Nc6 5. c3 d5 6. Bd3 {A45: Trompowsky Attack} (6. Ngf3 Be7 7. Bd3 b6 8. O-O Bb7 9. a4 O-O 10. Ne5 Nxe5 11. dxe5 Ne4 12. Bxe7 Qxe7 13. Bxe4 dxe4 14. Qg4 Qc7 15. Nc4 {½-½ (33) Artemiev,V (2746)-Le,Q (2708) Khanty-Mansiysk 2019}) 6... Be7 7. f4 b6 8. Ngf3 Bb7 9. O-O Ng4 $146 ({Predecessor:} 9... O-O 10. Ne5 Rc8 11. Rf3 Ne4 12. Bxe7 Nxe7 {0-1 (35) Nezad,H (2422)-Abdulla,A (2454) Ashkhabad 2017}) 10. Qe2 f5 11. Bb5 O-O 12. Bxc6 Bxc6 13. Bxe7 Qxe7 14. h3 Nf6 15. Ne5 Qe8 16. b3 cxd4 17. exd4 Bb5 18. c4 dxc4 19. bxc4 Bc6 20. Rfe1 Bb7 21. Nef3 Ne4 22. Ng5 Nxg5 23. fxg5 Rd8 24. Nb3 Be4 25. Rac1 a5 {[%cal Ba7a5,Ba5a4][%mdl 32]} 26. Qe3 Qd7 27. c5 a4 28. Nd2 bxc5 29. Rxc5 Qxd4 (29... Bd5 $1 $15) 30. Nxe4 $11 fxe4 31. Ra5 {[#]} (31. Qxd4 $11 {remains equal.} Rxd4 32. Rc7) 31... Qxe3+ (31... Rf5 $1 $17 {[%cal Rf5a5]} 32. Qxd4 Rxd4 33. Ra8+ Kf7) 32. Rxe3 $17 {[%mdl 4096] Endgame KRR-KRR. The position is equal.} Rd1+ 33. Kh2 Rd2 34. Rxa4 Rff2 35. Rg3 e3 36. Re4 e2 37. Rxe6 Kf7 38. Re5 Rxa2 39. Rg4 Kg6 40. Rg3 Rb2 41. Rg4 Rf5 42. Re6+ Kh5 43. Rge4 {[#] Threatens to win with g4+.} Rf2 {aiming for ...Rxg2+!} 44. Rg4 $1 Rf5 (44... Rf1 $5 45. Rge4 $8 Rf2 $15) 45. Rge4 {Black must now prevent g4+.} Rf2 {Strongly threatening ...Rxg2+!} 46. Rg4 $1 Rf5 {Accuracy: White = 66%, Black = 46%.} 1/2-1/2

[Event "RUS-ch Men Rapid 2019"]
[Site "Sochi"]
[Date "2019.10.16"]
[Round "7.2"]
[White "Golubov, Saveliy"]
[Black "Tsydypov, Zhamsaran"]
[Result "1/2-1/2"]
[WhiteElo "2469"]
[BlackElo "2553"]
[Annotator "RC"]
[PlyCount "77"]
[EventDate "2019.10.15"]
[EventType "swiss"]
[EventCountry "RUS"]
[SourceTitle "playchess.com"]
[Source "ChessBase"]
[SourceQuality "1"]
[TimeControl "900+10"]

1. d4 {[%emt 0:00:00]} Nf6 {[%emt 0:00:00]} 2. Nf3 {[%emt 0:00:00]} g6 {[%emt 0:00:01]} 3. Bf4 {[%emt 0:00:21]} Bg7 {[%emt 0:00:04]} 4. e3 {[%emt 0:00:07]} O-O {[%emt 0:00:11]} 5. Be2 {[%emt 0:00:02]} d5 {[%emt 0:00:25]} 6. c3 {[%emt 0:00:47]} c5 {[%emt 0:00:22]} 7. Nbd2 {[%emt 0:00:09]} b6 {[%emt 0:00:16]} 8. O-O {[%emt 0:00:26]} Nc6 {[%emt 0:00:12]} 9. h3 {[%emt 0:01:04]} Bb7 {[%emt 0:00:06]} 10. a4 {[%emt 0:00:46]} Nd7 {[%emt 0:00:38]} 11. Qb3 {[%emt 0:03:36]} e5 {[%emt 0:00:56]} 12. dxe5 {[%emt 0:00:03]} Ndxe5 {[%emt 0:00:14]} 13. Nxe5 {[%emt 0:00:38]} Bxe5 {[%emt 0:01:00]} 14. Bxe5 {[%emt 0:00:17]} Nxe5 {[%emt 0:00:02]} 15. Nf3 {[%emt 0:00:09]} Nd7 {[%emt 0:01:11]} 16. a5 {[%emt 0:00:43]} Qc7 {[%emt 0:00:01]} 17. axb6 {[%emt 0:01:05]} axb6 {[%emt 0:00:06]} 18. Rfd1 {[%emt 0:00:30]} Nf6 {[%emt 0:00:18]} 19. Nd2 {[%emt 0:01:24]} Bc6 {[%emt 0:00:20]} 20. Qc2 {[%emt 0:01:32]} Rfe8 {[%emt 0:01:01]} 21. Bf3 {[%emt 0:00:38]} b5 {[%emt 0:00:57]} 22. Rxa8 {[%emt 0:01:20]} Bxa8 {[%emt 0:00:12]} 23. Ra1 {[%emt 0:00:06]} Nd7 {[%emt 0:00:42]} 24. Be2 {[%emt 0:00:24]} Qb6 {[%emt 0:00:10]} 25. Qd3 {[%emt 0:01:19]} c4 {[%emt 0:00:59]} 26. Qc2 {[%emt 0:00:32]} Bb7 {[%emt 0:00:02]} 27. Nf3 {[%emt 0:00:21]} Nc5 {[%emt 0:00:25]} 28. Nd4 {[%emt 0:00:02]} b4 {[%emt 0:00:00]} 29. cxb4 {[%emt 0:01:04]} Qxb4 {[%emt 0:00:02]} 30. h4 {[%emt 0:00:21]} Ra8 {[%emt 0:00:17]} 31. Rxa8+ {[%emt 0:00:09]} Bxa8 {[%emt 0:00:02]} 32. Qc1 {[%emt 0:00:11]} Bb7 {[%emt 0:00:08]} 33. h5 {[%emt 0:00:04]} Na4 {[%emt 0:00:22]} 34. Qa1 {[%emt 0:00:03]} h6 {[%emt 0:05:23]} 35. Nc2 {[%emt 0:00:08]} Qb3 {[%emt 0:00:28]} 36. Nd4 {[%emt 0:00:01]} Qb4 {[%emt 0:00:01]} 37. Nc2 {[%emt 0:00:02]} Qb3 {[%emt 0:00:00]} 38. Nd4 {[%emt 0:00:03]} Qb4 {[%emt 0:00:01]} 39. Nc2 {[%emt 0:00:11]} 1/2-1/2

[Event "RUS-ch Men Rapid 2019"]
[Site "Sochi"]
[Date "2019.10.16"]
[Round "7.3"]
[White "Rozum, Ivan"]
[Black "Antipov, Mikhail Al."]
[Result "1-0"]
[WhiteElo "2599"]
[BlackElo "2567"]
[Annotator "TA"]
[PlyCount "109"]
[EventDate "2019.10.15"]
[EventType "swiss"]
[EventCountry "RUS"]
[SourceTitle "playchess.com"]
[Source "ChessBase"]
[SourceQuality "1"]

{[%evp 16,109,39,35,44,34,40,31,39,33,38,17,4,9,17,8,8,7,29,29,29,20,33,13,20,1,7,7,15,16,7,1,18,0,7,1,16,12,16,16,16,16,16,16,22,22,151,151,151,151,151,151,151,151,151,108,156,161,196,138,106,97,106,81,104,104,102,103,103,85,165,148,148,141,132,127,317,314,364,362,529,528,487,517,496,453,1296,1269,1699,1637,1639,1489,29972,29972,29966,29964]} 1. c4 c5 2. Nf3 g6 3. e4 Nc6 4. d4 cxd4 5. Nxd4 Nf6 6. Nc3 d6 7. f3 Bg7 8. Be3 O-O 9. Be2 Nh5 {B38: Sicilian: Maroczy Bind with 5...Bg7 and 7...0-0} (9... Nxd4 10. Bxd4 Be6 11. O-O Qa5 12. Rc1 Rfc8 13. b3 a6 14. f4 b5 15. f5 Bd7 16. Bxf6 Bxf6 17. Nd5 Bg5 18. Rc3 e6 19. Rg3 Bh4 20. Rg4 {1-0 (30) Efimenko,Z (2651)-Korobov,A (2692) Rivne 2016}) 10. Qd2 Qa5 11. g3 Nxd4 {White is slightly better.} 12. Bxd4 Be6 $146 ({Predecessor:} 12... Bxd4 13. Qxd4 Nf6 14. O-O Be6 15. f4 Rac8 16. b3 a6 17. a4 {½-½ (35) Krzyzanowski,W (2411)-Wister,F (2300) ICCF email 2014}) 13. O-O Rfc8 14. Bxg7 Nxg7 15. Qd4 Qc5 16. Qxc5 Rxc5 (16... dxc5 {keeps more tension.} 17. Nd5 Kf8 18. Kf2 Bd7 19. h4 Bc6) 17. b3 Ne8 18. Rac1 Rac8 19. Kf2 Nf6 20. Rfd1 a6 21. a4 a5 22. Ke3 h5 23. h4 Kf8 24. Kd2 Nd7 25. Kc2 Ne5 26. Kb2 Nc6 27. f4 Nb4 28. Rd2 Rb8 29. Bf3 Kg7 30. Re1 Nc6 {[#]} (30... Re8 $11 {keeps the balance.}) 31. e5 $1 $16 {[%mdl 512]} Nb4 (31... dxe5 32. Ne4) 32. exd6 exd6 33. Ne4 Rc7 {intending ...d5.} 34. Nxd6 b6 35. Nb5 Rc5 36. Nd4 Bg4 37. Bg2 (37. Bxg4 $18 hxg4 38. Nb5) 37... Rcc8 38. Nc2 Na6 39. Rd6 Nc5 {Black wants to play ...Rd8.} 40. Kc3 $36 {[%mdl 2048] Black is under strong pressure.} Rd8 41. Rxd8 Rxd8 42. Bd5 Bf3 (42... Be6 $16) 43. Ne3 $18 Be4 44. Ra1 Re8 {[#]} 45. b4 $1 {[%cal Rb4c5]} axb4+ $2 (45... Na6 $16 {keeps fighting.}) 46. Kxb4 Bf3 47. Ra3 Be2 (47... Bxd5 $142 48. Nxd5 Nd7) 48. Kb5 Nd3 49. Nc2 Nb2 50. Re3 Rxe3 (50... Kf8 $142 51. Rxe8+ (51. Kxb6 Nxa4+ 52. Ka5 Nc5 $18) 51... Kxe8 52. Bc6+ Ke7) 51. Nxe3 Kf8 52. Bc6 Ke7 53. Kxb6 Nxc4+ 54. Nxc4 Bxc4 55. a5 {Accuracy: White = 68%, Black = 42%.} 1-0

[Event "RUS-ch Men Rapid 2019"]
[Site "Sochi"]
[Date "2019.10.16"]
[Round "7.4"]
[White "Kokarev, Dmitry"]
[Black "Nesterov, Arseniy"]
[Result "1-0"]
[WhiteElo "2593"]
[BlackElo "2484"]
[Annotator "ChessBase"]
[PlyCount "56"]
[EventDate "2019.10.15"]
[EventType "swiss"]
[EventCountry "RUS"]
[SourceTitle "playchess.com"]
[Source "ChessBase"]
[SourceQuality "1"]
[TimeControl "900+10"]

1. c4 {[%emt 0:00:00]} c6 {[%emt 0:00:00]} 2. Nf3 {[%emt 0:00:00]} d5 {[%emt 0:00:00]} 3. g3 {[%emt 0:00:00]} Nf6 {[%emt 0:00:00]} 4. Bg2 {[%emt 0:00:01]} Bf5 {[%emt 0:00:05]} 5. O-O {[%emt 0:00:18]} e6 {[%emt 0:00:03]} 6. d3 {[%emt 0:00:06]} Be7 {[%emt 0:00:06]} 7. Be3 {[%emt 0:00:05]} Nbd7 {[%emt 0:00:55]} 8. Qb3 {[%emt 0:00:16]} Qb8 {[%emt 0:00:13]} 9. cxd5 {[%emt 0:00:25]} cxd5 {[%emt 0:00:10]} 10. Nc3 {[%emt 0:00:08]} O-O {[%emt 0:00:12]} 11. Rfc1 {[%emt 0:00:03]} h6 {[%emt 0:00:42]} 12. Nb5 {[%emt 0:00:52]} Ng4 {[%emt 0:02:53]} 13. Bf4 {[%emt 0:01:13]} e5 {[%emt 0:00:04]} 14. Nxe5 {[%emt 0:00:07]} Ndxe5 {[%emt 0:02:12]} 15. d4 {[%emt 0:00:10]} a6 {[%emt 0:00:59]} 16. Nc3 {[%emt 0:01:51]} Qa7 {[%emt 0:00:56]} 17. Nxd5 {[%emt 0:00:53]} Bd6 {[%emt 0:02:26]} 18. Bxe5 {[%emt 0:00:13]} Bxe5 {[%emt 0:00:36]} 19. Ne7+ {[%emt 0:00:03]} Kh8 {[%emt 0:00:04]} 20. Nxf5 {[%emt 0:00:03]} g6 {[%emt 0:00:44]} 21. e3 {[%emt 0:01:44]} gxf5 {[%emt 0:02:06]} 22. dxe5 {[%emt 0:00:03]} Rad8 {[%emt 0:00:29]} 23. Rc7 {[%emt 0:00:34]} Rd2 {[%emt 0:00:12]} 24. Qb4 {[%emt 0:00:58]} Rfd8 {[%emt 0:00:25]} 25. Rxb7 {[%emt 0:00:03]} Qa8 {[%emt 0:00:45]} 26. Rf1 {[%emt 0:01:12]} Nxe3 {[%emt 0:01:19]} 27. Qb6 {[%emt 0:00:05]} Ng4 {[%emt 0:00:41]} 28. h3 {[%emt 0:00:12]} Rxf2 {[%emt 0:00:11]} 1-0

[Event "RUS-ch Men Rapid 2019"]
[Site "Sochi"]
[Date "2019.10.16"]
[Round "7.5"]
[White "Popov, Valerij"]
[Black "Apryshko, Gleb"]
[Result "0-1"]
[WhiteElo "2535"]
[BlackElo "2382"]
[Annotator "RC"]
[PlyCount "71"]
[EventDate "2019.10.15"]
[EventType "swiss"]
[EventCountry "RUS"]
[SourceTitle "playchess.com"]
[Source "ChessBase"]
[SourceQuality "1"]
[TimeControl "900+10"]

1. c4 {[%emt 0:00:00]} e5 {[%emt 0:00:00]} 2. g3 {[%emt 0:00:00]} Nc6 {[%emt 0:00:00]} 3. Nc3 {[%emt 0:00:00]} Bc5 {[%emt 0:00:17]} 4. Bg2 {[%emt 0:00:00]} a6 {[%emt 0:00:07]} 5. e3 {[%emt 0:00:12]} Nge7 {[%emt 0:01:59]} 6. Nge2 {[%emt 0:00:15]} d6 {[%emt 0:00:07]} 7. a3 {[%emt 0:00:35]} Ba7 {[%emt 0:00:53]} 8. b4 {[%emt 0:00:06]} h5 {[%emt 0:00:03]} 9. Bb2 {[%emt 0:00:42]} h4 {[%emt 0:00:07]} 10. d4 {[%emt 0:00:13]} hxg3 {[%emt 0:04:34]} 11. hxg3 {[%emt 0:00:13]} Rxh1+ {[%emt 0:00:02]} 12. Bxh1 {[%emt 0:00:01]} Qd7 {[%emt 0:00:02]} 13. c5 {[%emt 0:05:23]} Qh3 {[%emt 0:03:59]} 14. Bf3 {[%emt 0:00:01]} exd4 {[%emt 0:00:02]} 15. exd4 {[%emt 0:00:08]} dxc5 {[%emt 0:00:09]} 16. Nf4 {[%emt 0:00:43]} Qh2 {[%emt 0:01:01]} 17. Ncd5 {[%emt 0:01:06]} Nxd5 {[%emt 0:00:32]} 18. Nxd5 {[%emt 0:00:01]} Nxd4 {[%emt 0:01:36]} 19. Nxc7+ {[%emt 0:01:24]} Kf8 {[%emt 0:00:05]} 20. Bxd4 {[%emt 0:00:26]} cxd4 {[%emt 0:00:04]} 21. Qe2 {[%emt 0:01:00]} Bh3 {[%emt 0:00:41]} 22. O-O-O {[%emt 0:03:25]} Rc8 {[%emt 0:00:05]} 23. Rh1 {[%emt 0:01:29]} d3 {[%emt 0:00:32]} 24. Qxd3 {[%emt 0:00:17]} Qxf2 {[%emt 0:00:36]} 25. Rxh3 {[%emt 0:00:10]} Rxc7+ {[%emt 0:01:20]} 26. Kb1 {[%emt 0:00:05]} Qe1+ {[%emt 0:00:02]} 27. Bd1 {[%emt 0:00:31]} Ke7 {[%emt 0:00:19]} 28. Rh4 {[%emt 0:00:25]} Qc3 {[%emt 0:00:13]} 29. Re4+ {[%emt 0:00:05]} Kf6 {[%emt 0:00:05]} 30. Qd6+ {[%emt 0:00:12]} Kg5 {[%emt 0:00:17]} 31. Qf4+ {[%emt 0:00:23]} Kg6 {[%emt 0:00:02]} 32. Qg4+ {[%emt 0:00:08]} Kh6 {[%emt 0:00:15]} 33. Qh3+ {[%emt 0:00:11]} Kg6 {[%emt 0:00:07]} 34. Qh5+ {[%emt 0:00:18]} Kf6 {[%emt 0:00:02]} 35. Rf4+ {[%emt 0:00:04]} Ke6 {[%emt 0:00:11]} 36. Qe2+ 0-1

[Event "RUS-ch Men Rapid 2019"]
[Site "Sochi"]
[Date "2019.10.16"]
[Round "7.6"]
[White "Samusenko, Maksim"]
[Black "Lysyj, Igor"]
[Result "1/2-1/2"]
[WhiteElo "2445"]
[BlackElo "2596"]
[Annotator "TA"]
[PlyCount "61"]
[EventDate "2019.10.15"]
[EventType "swiss"]
[EventCountry "RUS"]
[SourceTitle "playchess.com"]
[Source "ChessBase"]
[SourceQuality "1"]

{[%evp 17,61,0,0,0,6,0,0,-1,22,18,22,20,20,0,0,0,0,0,0,0,0,0,0,0,0,0,0,0,0,0,0,-17,0,0,0,-6,-7,-10,7,-7,0,0,0,0,0,0]} 1. e4 e5 2. Nf3 Nc6 3. Nc3 Nf6 4. d4 exd4 5. Nxd4 Bb4 6. Nxc6 bxc6 7. Bd3 O-O 8. O-O d5 9. exd5 cxd5 {The position is equal.} 10. h3 {C47: Scotch Four Knights and Four Knights with 4 g3} (10. Bg5 c6 11. Qf3 Bd6 12. Rae1 Rb8 13. Nd1 h6 14. Bxf6 Qxf6 15. Qxf6 gxf6 16. b3 f5 17. Ne3 f4 18. Nf5 Bxf5 19. Bxf5 Kg7 20. g3 Kf6 21. Bd3 {½-½ (30) Movsesian,S (2654)-Ding,L (2811) Khanty-Mansiysk 2019}) 10... c6 11. Qf3 Bd6 12. Re1 Rb8 13. b3 Re8 14. Bf4 Be6 15. Rad1 Bxf4 16. Qxf4 Qa5 {[#]} 17. Ne2 $146 ({Predecessor:} 17. Qd2 Bd7 {½-½ (40) Ivanchuk,V (2677)-Anton Guijarro,D (2667) Havana 2019}) 17... c5 18. c3 Bd7 ({Wrong is} 18... Qxa2 $2 19. Ra1 $18) 19. Qd2 Qc7 20. b4 a5 {[%cal Ra5b4]} 21. bxc5 Qxc5 22. Nd4 h6 23. Rxe8+ Rxe8 24. Re1 Rxe1+ 25. Qxe1 a4 26. Nc2 Bb5 27. Bf5 Qc7 28. Nd4 Be8 29. Bc2 Qc4 30. Bb1 Qc7 31. Bd3 {Accuracy: White = 56%, Black = 70%.} 1/2-1/2